| 000 | 01922nam a22003255i 4500 | ||
|---|---|---|---|
| 001 | 22779573 | ||
| 003 | OSt | ||
| 005 | 20231007135120.0 | ||
| 008 | 220906s2023 cau 000 0 eng | ||
| 010 | _a 2022945968 | ||
| 020 | _a9781804270226 | ||
| 020 |
_a9781945492655 _q(paperback) |
||
| 020 |
_z9781945492716 _q(ebook) |
||
| 040 |
_aDLC _beng _erda _cDLC |
||
| 042 | _apcc | ||
| 082 |
_a840 _bMAU/B |
||
| 100 | 1 |
_aMauvignier, Laurent _eauthor. _99701 |
|
| 245 | 1 | 4 |
_aThe Birthday Party / _cLaurent Mauvignier, Daniel Levin Becker. |
| 263 | _a2301 | ||
| 264 | 1 |
_aOakland : _bTransit Books, _c2023. |
|
| 300 | _a499 pages | ||
| 336 |
_atext _btxt _2rdacontent |
||
| 337 |
_aunmediated _bn _2rdamedia |
||
| 338 |
_avolume _bnc _2rdacarrier |
||
| 520 |
_a"Buried deep in rural France, little remains of the isolated hamlet of the Three Lone Girls, save a few houses and a curiously assembled quartet: Patrice Bergogne, inheritor of his family's farm; his wife, Marion; their daughter, Ida; and their neighbor, Christine, an artist. While Patrice plans a surprise for his wife's fortieth birthday, inexplicable events start to disrupt the hamlet's quiet existence: anonymous, menacing letters, an unfamiliar car rolling up the driveway. And as night falls, strangers stalk the houses, unleashing a nightmarish chain of events. Told in rhythmic, propulsive prose that weaves seamlessly from one consciousness to the next over the course of a day, Laurent Mauvignier's The Birthday Party is a deft unraveling of the stories we hide from others and from ourselves, a gripping tale of the violent irruptions of the past into the present, written by a major contemporary French writer"-- _cProvided by publisher. |
||
| 700 | 1 |
_aLevin Becker, Daniel, _etranslator. |
|
| 906 |
_a0 _bibc _corignew _d2 _eepcn _f20 _gy-gencatlg |
||
| 942 |
_2ddc _cBK _h823 _iMAU/B _k823 _mMAU/B |
||
| 999 |
_c42581 _d42581 |
||